English football champions 1893-1950 - Statistics

General Stats
  • This quiz has been taken 16 times
  • The average score is 34 of 47
Answer Stats
Hint Answer % Correct
1947 Liverpool
100%
1923 Liverpool
100%
1922 Liverpool
100%
1906 Liverpool
100%
1901 Liverpool
100%
1911 Manchester United
100%
1909 Manchester United
100%
1908 Manchester United
100%
1907 Manchester United
100%
1948 Arsenal
86%
1938 Arsenal
86%
1935 Arsenal
86%
1934 Arsenal
86%
1933 Arsenal
86%
1931 Arsenal
86%
1937 Manchester City
86%
1939 Everton
79%
1932 Everton
79%
1928 Everton
79%
1915 Everton
79%
1927 Newcastle
79%
1905 Newcastle United
79%
1920 West Bromwich Albion
71%
1910 Aston Villa
64%
1900 Aston Villa
64%
1899 Aston Villa
64%
1897 Aston Villa
64%
1896 Aston Villa
64%
1894 Aston Villa
64%
1914 Blackburn Rovers
64%
1912 Blackburn Rovers
64%
1921 Burnley
64%
1936 Sunderland
64%
1913 Sunderland
64%
1902 Sunderland
64%
1895 Sunderland
64%
1893 Sunderland
64%
1926 Huddersfield Town
57%
1925 Huddersfield Town
57%
1924 Huddersfield Town
57%
1898 Sheffield United
57%
1930 Sheffield Wednesday
50%
1950 Portsmouth
43%
1949 Portsmouth
43%
1929 The Wednesday
14%
1904 The Wednesday
14%
1903 The Wednesday
14%
No matching quizzes found
Score Distribution
Percent of People with Each Score
Percentile by Number Answered
Your Score History
You have not taken this quiz